تجز يا ت و تا ثر ا ت :مضا مين (Record no. 87909)
[ view plain ]
| 000 -LEADER | |
|---|---|
| fixed length control field | 01281nam a22002537a 4500 |
| 005 - DATE AND TIME OF LATEST TRANSACTION | |
| control field | 20200116172309.0 |
| 010 ## - LCCN (DPL NO) | |
| LC control number | UR-308 B-548396 B-666024 |
| 020 ## - INTERNATIONAL STANDARD BOOK NUMBER | |
| Terms of availability | 150.00 |
| International Standard Book Number | 9789382775010 |
| 035 ## - SYSTEM CONTROL NUMBER | |
| System control number | U-308 B-548396 B-666024 |
| 037 ## - SOURCE OF ACQUISITION | |
| Source of stock number/acquisition | BPPD/Publishers/Venders |
| 037 ## - SOURCE OF ACQUISITION | |
| Source of stock number/acquisition | KBD(Ven.)/Delhi Kitab Ghar(Pub.) |
| 082 ## - DEWEY DECIMAL CLASSIFICATION NUMBER | |
| Classification number | 844 |
| 100 ## - MAIN ENTRY--PERSONAL NAME | |
| Personal name | فا ر و قی سہيل ا حمد |
| 245 ## - TITLE STATEMENT | |
| Title | تجز يا ت و تا ثر ا ت :مضا مين |
| Statement of responsibility, etc | سہيل ا حمد فا ر و قی |
| 246 ## - VARYING FORM OF TITLE | |
| Title proper/short title | Tajziyaat -o-Taassuraat (Urdu) / |
| Remainder of title | by Suhail Ahmad Farooqi |
| 260 ## - PUBLICATION, DISTRIBUTION, ETC. (IMPRINT) | |
| Name of publisher, distributor, etc | Delhi Kitab Ghar (Publisher) |
| -- | K.B.D.( Vender) |
| Date of publication, distribution, etc | 2012 ء |
| 260 ## - PUBLICATION, DISTRIBUTION, ETC. (IMPRINT) | |
| Place of publication, distribution, etc | B-1770,Near State Bank of India,Jahangir Puri,Delhi-110033 |
| 270 ## - ADDRESS | |
| City | د ھلی |
| Address | 3961-گلی خا نقا نہ جا معہ مسجد |
| Postal code | 110006 |
| Telephone number | 01123252696 |
| 300 ## - PHYSICAL DESCRIPTION | |
| Extent | 304p. |
| Dimensions | 22cm(Hb) |
| 500 ## - GENERAL NOTE | |
| General note | Vol.-2 |
| 942 ## - ADDED ENTRY ELEMENTS (KOHA) | |
| Source of classification or shelving scheme | Dewey Decimal Classification |
| Item type | Urdu Bks |
| Call number suffix | ف ا ر |
| Classification part | 844 |
| Withdrawn status | Lost status | Not for loan | Collection code | Home library | Current library | Date acquired | Source of acquisition | Cost, normal purchase price | Full call number | Barcode | Copy number | Cost, replacement price | Koha item type |
|---|---|---|---|---|---|---|---|---|---|---|---|---|---|
| Non-fiction | Ashok Vihar | Ashok Vihar | 24/04/2017 | BPPD/UR/2014-15/AV/16-17/659/17.2.17/KBD/1351/7.3.17/8.3.17 | 150.00 | 844 ف ا ر | B-666024 | 1 | 150.00 | Urdu Bks | |||
| Non-fiction | Central Library | Central Library | 18/12/2014 | BPPD/UR/2014-15/128/1.8.14/KBD/1056/14.8.14/2.9.14 | 150.00 | 844 ف ا ر | B-548396 | 1 | 150.00 | Urdu Bks |
